Top 20 Biggest Countries by Area - Statistics

General Stats
  • This quiz has been taken 310 times
  • The average score is 16 of 20
Answer Stats
Rank Area (sq km) Country % Correct
#5 8,514,877 Brazil
99%
#1 17,075,200 Russia
99%
#3 9,826,630 United States
99%
#2 9,984,670 Canada
98%
#4 9,596,961 China
96%
#8 2,780,400 Argentina
94%
#6 7,741,220 Australia
94%
#7 3,287,263 India
92%
#13 1,964,375 Mexico
86%
#18 1,564,116 Mongolia
78%
#10 2,381,741 Algeria
76%
#9 2,724,900 Kazakhstan
76%
#11 2,344,858 Democratic Republic of Congo
75%
#14 1,904,569 Indonesia
75%
#17 1,648,195 Iran
75%
#12 2,149,690 Saudi Arabia
74%
#15 1,861,484 Sudan
67%
#20 1,284,000 Chad
57%
#16 1,759,540 Libya
57%
#19 1,285,216 Peru
57%
No matching quizzes found
Score Distribution
Percent of People with Each Score
Percentile by Number Answered
Your Score History
You have not taken this quiz